Still Game Trivia - Statistics

General Stats
  • This quiz has been taken 309 times
  • The average score is 13 of 15
Answer Stats
Question Answer % Correct
Main (short) Jack
100%
Main (tall) Victor
100%
Nosey Cow Isa
99%
Tight arse Tam
99%
Wan legged Winston
99%
Shopkeep Navid
98%
Methadone Mick
96%
Barman Boaby
93%
Pub Name Clansman
93%
Bookie stevie
90%
Two Pints Prick
83%
Lugs Shug
82%
Main Characters flat name Osprey Heights
81%
Pizza Girl Stacey
55%
Celeb Guest Jim Watt
47%
No matching quizzes found
Score Distribution
Percent of People with Each Score
Percentile by Number Answered
Your Score History
You have not taken this quiz